000 00581nam a2200193Ia 4500
003 GCL
008 140319s9999 xx 000 0 ara d
040 _aGCL /
_cGCL
082 0 4 _a813.03
_bس و
100 1 _aسليمان فياض
245 1 0 _aوبعدنا الطوفان (هديه من الآديب عبدالفتاح الجمل) /
_cسليمان فياض
300 _a171
490 _aقصص وروايات عربية
_v0
650 0 4 _aالادب العربى
650 0 4 _aالادب
650 0 4 _aالقصص
650 0 4 _aالقصص الطويلة
942 _2ddc
_cBK
999 _c42474
_d42474